| 000 | 00442nam a2200169Ia 4500 | ||
|---|---|---|---|
| 003 | GCL | ||
| 008 | 140319s9999 xx 000 0 ara d | ||
| 040 |
_aGCL / _cGCL |
||
| 082 | 0 | 4 |
_aد _b050 |
| 100 | 1 | _aممتاز الجندى | |
| 245 | 1 | 0 |
_aماذا ناكل و لماذا (اقرا 593 ) / _cممتاز الجندى |
| 300 | _a127 | ||
| 490 |
_aاقرأ _v0 |
||
| 650 | 0 | 4 | _aالتغذية |
| 650 | 0 | 4 | _aالاغذية |
| 942 |
_2ddc _cBK |
||
| 999 |
_c48743 _d48743 |
||